000 00863nam a2200229 4500
001 173354
003 ES-MaACL
005 20250823085852.0
008 091127s1991 sp ac |||| |dspa d
020 _a0-8477-3237-1
080 _a860(729.5)-1"19"
245 0 0 _aPapiros de Babel :
_bantología de la poesía puertorriqueña en Nueva York /
_cselección, estudio preliminar y viñetas críticas de Pedro López-Adorno.
250 _a1ª ed.
260 _aRío Piedras, Puerto Rico :
_bEditorial de la Universidad,
_c1991.
300 _aXIV, 509 p. :
_bretr. ;
_c24 cm.
504 _aBibliografía: p. [499]-506.
650 4 _aPoesía puertorriqueña-
_yS.XX-
_xHistoria y crítica.
_9145525
700 1 _aLópez-Adorno, Pedro.
_9145524
710 2 _aUniversidad de Puerto Rico
_97273
852 _aES-MaACL
_jC-56981
999 _c173354
_d173354